Mathematics for Kenya school : (Record no. 12322)

000 -LEADER
fixed length control field 00413nam a22001337a 4500
008 - FIXED-LENGTH DATA ELEMENTS--GENERAL INFORMATION
fixed length control field 160802b xxu||||| |||| 00| 0 eng d
050 ## - LIBRARY OF CONGRESS CALL NUMBER
Classification number QA 39.2.P38 1981
100 ## - MAIN ENTRY--PERSONAL NAME
Personal name Patel, N.M.
245 ## - TITLE STATEMENT
Title Mathematics for Kenya school :
Statement of responsibility, etc. N.M.Patel
Remainder of title Form 1 /
260 ## - PUBLICATION, DISTRIBUTION, ETC. (IMPRINT)
Place of publication, distribution, etc. Nairobi :
Name of publisher, distributor, etc. Mwalimu Publications,
Date of publication, distribution, etc. 1981.
300 ## - PHYSICAL DESCRIPTION
Extent 264 p. :
Other physical details ill.
650 ## - SUBJECT ADDED ENTRY--TOPICAL TERM
Topical term or geographic name as entry element Mathematics.
General subdivision Kenyan secondary school
942 ## - ADDED ENTRY ELEMENTS (KOHA)
Source of classification or shelving scheme
Koha item type Hard Covered Materials
Classification part QA 39.2.P38 1981
Holdings
Withdrawn status Lost status Source of classification or shelving scheme Damaged status Not for loan Home library Current library Shelving location Date acquired Source of acquisition Total Checkouts Full call number Barcode Date last seen Price effective from Koha item type
          MACHAKOS UNIVERSITY LIBRARY MACHAKOS UNIVERSITY LIBRARY Open shelf 02/08/2016 Purchase   QA 39.2.P38 1981 24470 10/08/2016 02/08/2016 Hard Covered Materials
© Machakos University Library, Along The Highway, Machakos Wote Rd, Machakos, Kenya P.O. Box 136 - 90100 Machakos - Kenya

Tel: ( +254 ) 723 805829 OR Fax : 044-20353 OR Email: library@mksu.ac.ke